Simon and Schuster: handbook for writers

Saved in:
Bibliographic Details
Main Authors: Quitman Troyka, Lynn (Author), Hesse, Douglas (Author)
Format: Book
Language:English
Published: Nueva York Pearson 2012
Edition:10a. ed
Subjects:
Tags: Add Tag
No Tags, Be the first to tag this record!

MARC

LEADER 00000cam a2200000 a 4500
001 UCD8907
003 CL-VaPUC
008 170527e20120000us |||||||||||||||||eng|d
020 |a 9780205903603 
082 0 4 |a 428.2  |b QUI  |2 21 
100 0 |a Quitman Troyka, Lynn  |e author  |9 592488 
700 0 |a Hesse, Douglas  |e author  |9 592489 
245 1 0 |a Simon and Schuster: handbook for writers 
250 |a 10a. ed 
300 |a pág. irreg 
942 |c BK 
945 |d 20170527 00:32:00  |a arojas 
260 |a Nueva York  |b Pearson  |c 2012 
650 0 |a Lengua inglesa  |9 318842 
650 0 |a Gramática  |9 270497 
650 0 |a Retórica   |9 266620 
650 0 |a Manuales  |9 257144 
583 |a last modification  |c 20170527 00:32:00  |k Rodrigo Vera 
999 |c 368213  |d 368211 
952 |0 0  |1 0  |3 erd  |4 0  |6 428_200000000000000_QUI_2012  |7 0  |8 A  |9 483485  |a BIBEDU  |b BIBEDU  |i 5377978  |l 1  |o 428.2 QUI 2012  |p 5377978  |r 2025-03-28  |s 2025-03-21  |w 2019-11-24  |y BK  |z Catalogado en:20170527  |k CIT